000 00951nam a2200277 c 4500
003 BLK
005 20180421000515.0
008 180411b bul|||||r ||||||| ||bul||
010 _aKNG00197357000
040 _aBLK
041 _aBUL
_cBUL
080 _aБългарска литература
_b821.163.2
_x-31
_z821.163.2-31
100 1 _aФлорес-Цветкова, Клавдия
_eпърви автор
_9134435
139 _aФлорес-Цветкова, Клавдия
_bФ 64
245 1 0 _aВелизара
_bРоман
_cКлавдия Флорес-Цветкова.
257 _aBGR
260 София
_bОФ
_c1987
300 _a119 с.
_c17 см
380 _aX
500 _aАвт. известна като Клавдия Флорес
852 _aЦб I 23792
856 4 _qpdf
_u
856 4 _qpdf
_u
942 _cKNG
_n0
944 _aCR
_c03.12.2016
_kВиолета_Тройчева
944 _aED
_c17.12.2016
_kВиолета_Тройчева
999 _c188339
_d188339